000 00452nam a22001817a 4500
005 20260604122717.0
008 260604b |||||||| |||| 00| 0 eng d
020 _a9789352027194
_c525.00
040 _aMAIN
041 _aEnglish
082 _a510
_bBOS
100 _aBose, D.
_927012
245 _aIntroduction to Mathematical Methods
260 _aMumbai
_bHimalaya
_c2024
300 _a435
650 _aEconomics (PM USHA)
_926774
942 _cBK
999 _c60999
_d60999